01376nam a2200205 a 450000100100000000500170001000800410002704000250006808200150009311100930010824501180020126000870031930000200040650000730042650504570049971001320095670000380108870000260112670000180115200002533720240308073618.0110215s1989 dr r 000 0 spa d aDO-SdBNPbspacBNPHU axxxxbxxxx2 aSeminario grandes figuras de la evangelización de Américad(2: 1989cSanto Domingo )10aFray Bartolomé de las Casas :bevangelizador y defensor de los indios /cFrancisco José Arnáiz ...[et al.]. aSanto Domingo :bComisión Presidencial de Apoyo al Desarrollo Provincial,c1989. a68 p. ;c22 cm. aIncluye referencias bibliográficas y notas al pie de las páginas0 aPalabras de Salutación / José Chez Checo -- Fray Bartolomé de las Casas, evangelizador y defensor de los indios / Mons. Francisco José Arnáis -- El profetismo de las Casas y la desnutrición de las indios / Carlos Esteban Deive-- Bartolomé de las Casas precursor de los pueblos de indios / Pedro Julio Santiago -- La personalidad conflectiva de Fray Bartolomé de las Casas / Carlos Dobal -- Palabra de clausura/ Rev. Padre Ramón Alonso2 aComisión Dominicana Permanente para la Celebración del Quinto Centenario del Descubrimiento y Evangelización de América1 aDeive, Carlos Esteban,d1935-20191 aSantiago, Pedro Julio1 aDobal, Carlos